000 00588nam a22001697a 4500
005 20251108165246.0
008 250721s1985 xx 000 0 ara d
082 1 4 _a956.05/محم
100 1 _aقجه، محمد حسن
245 1 0 _aمحطات أندلسية :
_bدراسات في التاريخ و الأدب و الفن الأندلسي /
264 1 _aجدة :
_bدار السعودية للنشر و التوزيع،
_c1985.
300 _a272ص : مص
650 1 7 _aتاريخ الأندلس
650 1 7 _aالحضارة الإسلامية
942 _2ddc
_cBK
999 _c23448
_d23448